000 00637na a2200229 4500
001 20136
003 MIRAKIL
005 20181213155126.0
008 170104b tu 000 0
035 _a20136
040 _aMilas
_btur
_cTR-AnCHP
041 _atur
082 _aCHP 370
_bE35 [t.y.]
090 _aCHP 370 E35 [t.y.]
245 _aEğitim yenileşim projesi
_cCHP
260 _a[y.y.]
_bCHP
_c[t.y.]
300 _a35 s.
_bşkl.
_c28 sm.
610 _aCumhuriyet Halk Partisi (CHP)
_xEğitim politikaları
_yProjeler
650 _aEğitim sistemi
_xÖneriler
710 _aCumhuriyet Halk Partisi (CHP)
942 _2ddc
_cBKS
999 _c7037
_d7037